书目信息 |
| 题名: |
游泳高手
|
|
| 作者: | 沈潜 | |
| 分册: | ||
| 出版信息: | 湖南 湖南文艺出版社 1999 |
|
| 页数: | 185 | |
| 开本: | 20cm | |
| 丛书名: | ||
| 单 册: | ||
| 中图分类: | G86 | |
| 科图分类: | ||
| 主题词: | 水上运动 , 冰上运动 , 雪上运动 | |
| 电子资源: | ||
| ISBN: | 7-5404-2033-2 | |
| 000 | 00520nam0 2200205 450 | |
| 001 | 0736480453 | |
| 005 | 20070817100800.46 | |
| 010 | @a7-5404-2033-2@d¥19.50 | |
| 100 | @a20070817d km y0chiy0120 ea | |
| 101 | 0 | @achi |
| 200 | 1 | @a游泳高手@Ayou yong gao shou@f沈潜@Fshen qian |
| 210 | @a湖南@c湖南文艺出版社@d1999 | |
| 215 | @a185@d20cm | |
| 606 | 0 | @a水上运动 |
| 606 | 0 | @a冰上运动 |
| 606 | 0 | @a雪上运动 |
| 690 | @aG86@v3 | |
| 701 | 0 | @a沈潜@Ashen qian |
| 801 | 0 | @aCN@bPFT@c20070817 |
| 905 | @a213230@dG86@et1@f1 | |
| 游泳高手/沈潜.-湖南:湖南文艺出版社,1999 |
| 185;20cm |
| ISBN 7-5404-2033-2:¥19.50 |
| ● |
| 相关链接 |
|
|
|
|
正题名:游泳高手
索取号:G86/t1
 
预约/预借
| 序号 | 登录号 | 条形码 | 馆藏地/架位号 | 状态 | 备注 |
| 1 | 6901866 | 269018662 | 密集书库-体育系/ [索取号:G86/t1] | 在馆 | |
| 2 | 6901867 | 269018671 | 密集书库-体育系/ [索取号:G86/t1] | 在馆 |